000 00852nam a2200241Ia 4500
003 OSt
005 20220923220128.0
006 a|||||r|||| 00| 0
007 ta
008 220922b |||||||| |||| 00| 0 hin d
024 _a184,499
037 _cTextual
040 _aARTS
_cARTS
_bhin
041 _2hin
_ahin
082 _aO152,2:g (NT), L9
100 _aपांडेय, छविनाथ
245 0 _aहिन्दी के अभिनय नाटक और उनके अनुकुल रंगमंच
246 _aHindī ke abhinaya nāṭak aur unake anukul rangahincha
260 _aकाशी
_b अखिल भारतीय परिषद्
_c1979
300 _a278 पृ.
_ccm.
942 _hO152,2:g (NT), L9
_cTEXL
_2CC
999 _c337783
_d337783